Where is this football club located? - Statistics

General Stats
  • This quiz has been taken 81 times
    32 since last reset
  • The average score is 17 of 26
Answer Stats
Hint Answer % Correct
Charlton Athletic London
100%
RSC Anderlecht Brussels
93%
Panathinaikos FC Athens
87%
Rayo Vallecano Madrid
83%
West Bromwich Albion Birmingham
80%
Heart of Midlothian Edinburgh
80%
S.E. Palmeiras Sao Paulo
80%
Besiktas Istanbul
77%
FC St. Pauli Hamburg
70%
C.F. Os Belenenses Lisbon
70%
Djurgårdens IF Stockholm
67%
Ferencvárosi TC Budapest
63%
Bohemians Dublin
63%
Kaizer Chiefs Johannesburg
63%
Cruz Azul Mexico City
63%
Boavista F.C. Porto
63%
Levante UD Valencia
63%
New England Revolution Boston
60%
U.C. Sampdoria Genoa
60%
Vålerenga Fotball Oslo
60%
Millonarios F.C. Bogota
57%
Colo Colo Santiago
53%
Club Atlético Lanús Buenos Aires
47%
Al Ahly SC Cairo
47%
Persepolis F.C. Tehran
37%
Western United Melbourne
33%
No matching quizzes found
Score Distribution
Percent of People with Each Score
Percentile by Number Answered
Your Score History
You have not taken this quiz since the last reset